The foundations of differential geometry / by Oswald Veblen and J. H. C. Whitehead. (Record no. 188005)

MARC details
000 -LEADER
campo de control de longitud fija 00754nam a2200217 i 4500
001 - NÚMERO DE CONTROL
campo de control 188005
003 - IDENTIFICADOR DE NÚMERO DE CONTROL
campo de control ES-MaACL
005 - FECHA Y HORA DE LA ÚLTIMA TRANSACCIÓN
campo de control 20230906223059.0
007 - CAMPO FIJO DE DESCRIPCIÓN FÍSICA--INFORMACIÓN GENERAL
campo de control de longitud fija t|
008 - DATOS DE LONGITUD FIJA--INFORMACIÓN GENERAL
campo de control de longitud fija 180409s1932 xxk ||||1| eng d
100 0# - ENTRADA PRINCIPAL--NOMBRE DE PERSONA
Nombre de persona Veblen, Oswald.
9 (RLIN) 113506
245 14 - MENCIÓN DEL TÍTULO
Título The foundations of differential geometry / by Oswald Veblen and J. H. C. Whitehead.
260 ## - PUBLICACIÓN, DISTRIBUCIÓN, ETC.
Lugar de publicación, distribución, etc. Cambridge :
Nombre del editor, distribuidor, etc. Cambridge University Press, 1932.
300 ## - DESCRIPCIÓN FÍSICA
Extensión IX, 96 p. ;
Dimensiones 22 cm.
490 1# - MENCIÓN DE SERIE
Mención de serie Cambridge tracts in mathematics and mathematical physics ;
Designación de volumen o secuencia 29
650 #4 - PUNTO DE ACCESO ADICIONAL DE MATERIA--TÉRMINO DE MATERIA
Término de materia o nombre geográfico como elemento de entrada Geometría diferencial.
9 (RLIN) 143430
700 0# - ENTRADA AGREGADA--NOMBRE PERSONAL
Nombre de persona Withehead, J. H. C.
9 (RLIN) 117161
830 0# - PUNTO DE ACCESO ADICIONAL DE SERIE-TÍTULO UNIFORME
Título uniforme Cambridge tracts in mathematics and mathematical physics ;
Designación de volumen o secuencia 29
9 (RLIN) 192958
852 ## - LOCALIZACIÓN
Ubicación ES-MaACL
Número de control de estantería C-8167
Holdings
Estatus retirado Estado de pérdida Estado de daño No para préstamo Biblioteca de origen Biblioteca actual Ubicación en estantería Fecha de adquisición Fuente de adquisición Total de préstamos Signatura topográfica completa Código de barras Visto por última vez Precio de reemplazo Tipo de ítem Koha
        Biblioteca del Ateneo de Madrid Biblioteca del Ateneo de Madrid Sala Palomar 09/04/2018     C-8167 1198658 23/02/2023 23/02/2023 Libro impreso